| 000 | 00000nam 2200000za 4500 |
| 001 | 9.858787 |
| 003 | CaOODSP |
| 005 | 20241203113643 |
| 007 | cr ||||||||||| |
| 008 | 180710s2007 bcc |ot f|0| 0 eng d |
| 020 | |z0-662-45252-2 |
| 040 | |aCaOODSP|beng |
| 041 | |aeng|bfre |
| 043 | |an-cn-bc |
| 086 | 1 |aCW69-5/476E-PDF |
| 245 | 03|aAn integrated biophysical assessment of estuarine habitats in British Columbia to assist regional conservation planning |h[electronic resource] / |cJohn L. Ryder ... [et al.]. |
| 260 | |aDelta, B.C. : |bCanadian Wildlife Service, Pacific and Yukon Region, |c2007. |
| 300 | |aix, 141 p. : |bfigures. |
| 490 | 1 |aTechnical report series ; |vno. 476 |
| 500 | |aDigitized edition from print [produced by Environment and Climate Change Canada]. |
| 504 | |aIncludes bibliographic references. |
| 520 | |a"Estuaries in British Columbia comprise less than 3% of the province’s coastline (Pacific Estuary Conservation Program 1999) but these productive and diverse habitats are seasonally or annually important to a variety of species. Despite their importance and rarity, approximately 43% of the province’s estuaries are threatened by coastal development, modification, and pollution (CWS, unpublished data)"--Abstract, p. iii. |
| 530 | |aIssued also in print format. |
| 546 | |aIncludes abstract in French. |
| 692 | 07|2gccst|aNature conservation |
| 692 | 07|2gccst|aAquatic birds |
| 692 | 07|2gccst|aHabitats |
| 700 | 1 |aRyder, John L. |d1971-|q(John Lloyd) |
| 710 | 1 |aCanada. |bEnvironment Canada. |
| 710 | 2 |aCanadian Wildlife Service. |bPacific and Yukon Region. |
| 776 | 0#|tAn integrated biophysical assessment of estuarine habitats in British Columbia to assist regional conservation planning / |w(CaOODSP)9.618201 |
| 830 | #0|aTechnical report series (Canadian Wildlife Service)|vno. 476.|w(CaOODSP)9.504438 |
| 856 | 40|qPDF|s6.89 MB|uhttps://publications.gc.ca/collections/collection_2018/eccc/cw69-5/CW69-5-476-eng.pdf |
| 986 | |aCW69-5/476E |